| 000 | 00553nam a2200193Ia 4500 | ||
|---|---|---|---|
| 005 | 20240823025058.0 | ||
| 008 | 240823s9999||||xx |||||||||||||| ||und|| | ||
| 020 | _a81-7881-292-4 | ||
| 041 | _aENGLISH | ||
| 082 | _A338.9 P6 | ||
| 100 | _aPanduranga Rao V et al. | ||
| 245 | 0 | _a"Proceedings of the International Conference,2005 on Emerging Securities Markete" | |
| 250 | _a1 | ||
| 260 |
_c2006 _bThe ICFAI University _aHyderabad |
||
| 500 | _aYES | ||
| 650 |
_aEmerging Securities Markete _bManagement Studies |
||
| 942 | _cBK | ||
| 999 |
_c185455 _d185455 |
||